Sapiens : (Record no. 4880)

MARC details
000 -LEADER
campo de control de longitud fija 00579nam a22001817a 4500
001 - NÚMERO DE CONTROL
campo de control 19105
005 - FECHA Y HORA DE LA ÚLTIMA TRANSACCIÓN
campo de control 20250522045708.0
008 - DATOS DE LONGITUD FIJA--INFORMACIÓN GENERAL
campo de control de longitud fija 5230201975 ag a
082 ## - NÚMERO DE LA CLASIFICACIÓN DECIMAL DEWEY
Número de clasificación R 036.1Sa67e16
110 ## - ENTRADA PRINCIPAL--NOMBRE DE ENTIDAD CORPORATIVA
Nombre de entidad corporativa o nombre de jurisdicción como elemento de entrada Editorial Sopena Argentina.
245 ## - MENCIÓN DEL TÍTULO
Título Sapiens :
Resto del título enciclopedia ilustrada de la lengua castellana
Mención de responsabilidad, etc. Editoria Sopena Argentina
250 ## - MENCION DE EDICION
Mención de edición 16
260 ## - PUBLICACIÓN, DISTRIBUCIÓN, ETC.
Lugar de publicación, distribución, etc. Buenos Aires, Argentina :
Nombre del editor, distribuidor, etc. Editorial Oriente
Fecha de publicación, distribución, etc. 1975
300 ## - DESCRIPCIÓN FÍSICA
Extensión t. 5 :
Otros detalles físicos il ;
Dimensiones 27 cm.
505 ## - NOTA DE CONTENIDO CON FORMATO
Nota de contenido con formato T. 1 A-CT. 2 C-GT. 3 H-OT. 4 P-ST. 5 T-Z
650 ## - PUNTO DE ACCESO ADICIONAL DE MATERIA--TÉRMINO DE MATERIA
Término de materia o nombre geográfico como elemento de entrada 1.Enciclopedias y Diccionarios
700 ## - ENTRADA AGREGADA--NOMBRE PERSONAL
Nombre de persona I.Tít
Holdings
Estatus retirado Estado de pérdida Estado de daño No para préstamo Colección Biblioteca de origen Biblioteca actual Fecha de adquisición Total de préstamos Signatura topográfica completa Código de barras Visto por última vez Copia número Precio de reemplazo Tipo de ítem Koha
        Acervo general de Libros Biblioteca Central Mons. Favio M. Rivas S. Biblioteca Central Mons. Favio M. Rivas S. 07/02/2019   R 036.1Sa67e16 000000007118 23/05/2025 1 23/05/2025 Libros
        Acervo general de Libros Biblioteca Central Mons. Favio M. Rivas S. Biblioteca Central Mons. Favio M. Rivas S. 07/02/2019   R 036.1Sa67e16 000000007119 23/05/2025 1 23/05/2025 Libros
        Acervo general de Libros Biblioteca Central Mons. Favio M. Rivas S. Biblioteca Central Mons. Favio M. Rivas S. 07/02/2019   R 036.1Sa67e16 000000007120 23/05/2025 1 23/05/2025 Libros
        Acervo general de Libros Biblioteca Central Mons. Favio M. Rivas S. Biblioteca Central Mons. Favio M. Rivas S. 07/02/2019   R 036.1Sa67e16 000000007121 23/05/2025 1 23/05/2025 Libros
        Acervo general de Libros Biblioteca Central Mons. Favio M. Rivas S. Biblioteca Central Mons. Favio M. Rivas S. 07/02/2019   R 036.1Sa67e16 000000007122 23/05/2025 1 23/05/2025 Libros